000 00267nam a22001217a 4500
008 170315b xxu||||| |||| 00| 0 eng d
041 _aeng
080 _a591
100 _a7
101 _ashm
245 _aDETAILED ATLAS OF THE HEAD AND NECK
_cTRUEX
942 _2udc
_cBK
999 _c7908
_d7908